Southville International School and Colleges
Your cart is empty.
  • Cart
  • Lists
    Public lists Eva Luna New books Lux_list list_1
    Your lists Log in to create your own lists
  • Log in to your account
  • Your cookies
  • Search history
Southville International School and Colleges
  • Advanced search
  • Recent comments
  • Most popular
  • Libraries

Log in to your account

Log in with GOOGLE


If you do not have an external account, but do have a local account, you can still log in:

  1. Home
  2. MARC view: Ghosthunters and the muddy monster of doom! /
Normal view MARC view ISBD view

Ghosthunters and the muddy monster of doom! / (Record no. 110695)

[ view plain ]
MARC details
000 -LEADER
fixed length control field 00501nam a2200181 a 4500
005 - DATE AND TIME OF LATEST TRANSACTION
control field 20140414131902.0
008 - FIXED-LENGTH DATA ELEMENTS--GENERAL INFORMATION
fixed length control field 100920s19uu xx 00 eng d
050 ## - LIBRARY OF CONGRESS CALL NUMBER
Classification number FIC
Item number F95 2007
100 ## - MAIN ENTRY--PERSONAL NAME
Personal name Funke, Cornelia Caroline.
245 ## - TITLE STATEMENT
Title Ghosthunters and the muddy monster of doom! /
Statement of responsibility, etc by Cornelia Funke.
250 ## - EDITION STATEMENT
Edition statement 1st American ed.
260 ## - PUBLICATION, DISTRIBUTION, ETC. (IMPRINT)
Place of publication, distribution, etc New York :
Name of publisher, distributor, etc Scholastic,
Date of publication, distribution, etc 2007.
520 ## - SUMMARY, ETC.
Summary, etc
650 ## - SUBJECT ADDED ENTRY--TOPICAL TERM
Topical term or geographic name as entry element Ghosts --Fiction.
650 ## - SUBJECT ADDED ENTRY--TOPICAL TERM
Topical term or geographic name as entry element Fire --Fiction.
Holdings
Withdrawn status Lost status Damaged status Home library Current library Shelving location Date acquired Total Checkouts Full call number Barcode Date last seen Price effective from Koha item type
      Munich Library Munich Library Fiction Section 09/20/2010   FIC F95 2007 M1167 04/14/2014 04/14/2014 Books
      Munich Library Munich Library Fiction Section 09/20/2010   FIC F95 2007 M1168 04/14/2014 04/14/2014 Books

Ghosthunters and the muddy monster of doom! /

APA

Funke C. C., . (2007). Ghosthunters and the muddy monster of doom!. New York: Scholastic.

Chicago

Funke Cornelia Caroline, . 2007. Ghosthunters and the muddy monster of doom!. New York: Scholastic.

Harvard

Funke C. C., . (2007). Ghosthunters and the muddy monster of doom!. New York: Scholastic.

MLA

Funke Cornelia Caroline, . Ghosthunters and the muddy monster of doom!. New York: Scholastic. 2007.

  • Place hold
  • Print
  • Cite
  • Add to your cart (remove)
  • Save record
    BIBTEX Dublin Core MARCXML MARC (non-Unicode/MARC-8) MARC (Unicode/UTF-8) MARC (Unicode/UTF-8, Standard) MODS (XML) RIS
  • More searches
    Search for this title in:
    Other Libraries (WorldCat) Other Databases (Google Scholar) Online Stores (Bookfinder.com) Open Library (openlibrary.org)

Exporting to Dublin Core...

SOUTHVILLE LIBRARY

Southville International School and Colleges Library

1281 Tropical Ave. Cor. Luxembourg St., BF Homes International, Las Pinas City

Tel. No. 8256374 / 252358 Loc. 117/146

Powered by Koha